[Event "LTU-ch Amateurs"]
[Site "Kaunas"]
[Date "2020.08.29"]
[Round "5"]
[White "Bagdanskis, Dangis"]
[Black "Petraitis, Gintautas"]
[Result "1/2-1/2"]
[WhiteElo "1945"]
[BlackElo "1716"]
[PlyCount "101"]
[EventDate "2020.08.27"]
[EventType "swiss"]
[EventRounds "7"]
[EventCountry "LTU"]
[SourceTitle "EXT 2022"]
[Source "ChessBase"]
[SourceDate "2021.10.06"]
[SourceVersion "1"]
[SourceVersionDate "2021.10.06"]
[SourceQuality "1"]

1. e4 c5 2. Nf3 e6 3. d4 cxd4 4. Nxd4 Nf6 5. Nc3 Nc6 6. Ndb5 d6 7. Bf4 e5 8. Bg5 a6 9. Na3 b5 10. Bxf6 gxf6 11. Nd5 f5 12. exf5 Bxf5 13. c3 Bg7 14. Qf3 Be6 15. Nf6+ Bxf6 16. Qxc6+ Ke7 17. g3 Qd7 18. Qxd7+ Kxd7 19. Bg2 Rab8 20. Nc2 Rhc8 21. 0-0 a5 22. a3 h6 23. Rad1 Ke7 24. Ne3 b4 25. cxb4 axb4 26. a4 Rc5 27. Bd5 Bg7 28. Rd2 Rbc8 29. Rfd1 Rc1 30. a5 Rxd1+ 31. Rxd1 Rc5 32. a6 Ra5 33. Bb7 e4 34. b3 f5 35. Kg2 Bc3 36. Nd5+ Bxd5 37. Rxd5 Rxd5 38. Bxd5 Bd4 39. f4 Kf6 40. h3 h5 41. Bc4 Bc5 42. Bb5 Kg6 43. Be8+ Kh6 44. Bf7 Bb6 45. Kf1 Bc5 46. Ke2 Bd4 47. Be6 Kg6 48. g4 hxg4 49. hxg4 fxg4 50. Bxg4 Kf6 51. Kf1 1/2-1/2

[Event "LTU-chT"]
[Site "Lithuania"]
[Date "2019.04.28"]
[Round "7.9"]
[White "Vaiciunas, Giedrius"]
[Black "Petraitis, Gintautas"]
[Result "0-1"]
[WhiteElo "1317"]
[BlackElo "1750"]
[PlyCount "138"]
[EventDate "2019.01.26"]
[EventType "team-swiss"]
[EventRounds "7"]
[EventCountry "LTU"]
[SourceTitle "CBM 190 Extra"]
[Source "ChessBase"]
[SourceDate "2019.07.15"]
[SourceVersion "1"]
[SourceVersionDate "2019.07.15"]
[SourceQuality "1"]
[WhiteTeam "Kaunas Ezerelio II"]
[BlackTeam "Kaunas Margiris III"]
[WhiteTeamCountry "LTU"]
[BlackTeamCountry "LTU"]

1. e4 c5 2. Nc3 Nc6 3. f4 d6 4. Bb5 Bd7 5. Bxc6 Bxc6 6. d3 e6 7. Nf3 b5 8. 0-0 b4 9. Ne2 Nf6 10. b3 Be7 11. Bb2 0-0 12. Qd2 d5 13. e5 Nd7 14. Kh1 Nb6 15. h3 d4 16. Qe1 Nd5 17. Bc1 f5 18. Qg3 a5 19. Bd2 a4 20. Kg1 Nc3 21. Bxc3 bxc3 22. Kh1 axb3 23. axb3 Qd7 24. Rfb1 Qb7 25. Kh2 Bxf3 26. Qxf3 Qxf3 27. gxf3 Rfb8 28. Kg3 Kf7 29. Rc1 Ke8 30. Kg2 Kd7 31. Kg3 Kc6 32. Kg2 Kb5 33. Rcb1 Kc6 34. Kg3 Kd5 35. Rc1 h6 36. Kh2 g5 37. Kg3 Rg8 38. Kh2 gxf4 39. Nxf4+ Kxe5 40. Ng2 Kf6 41. f4 Bd6 42. Kh1 e5 43. fxe5+ Bxe5 44. Ne1 Bf4 45. Rd1 Be3 46. Nf3 Rxa1 47. Rxa1 Rg3 48. Rf1 Rxh3+ 49. Kg2 Rh5 50. Re1 f4 51. Ra1 Rf5 52. Rh1 h5 53. Rh4 Ke6 54. Rh3 Kd5 55. Rh1 Kc6 56. Ra1 Kb5 57. Ra8 Rf6 58. Ne5 Rh6 59. Ra1 Ra6 60. Rxa6 Kxa6 61. Kf3 Kb5 62. Ke2 Kb4 63. Kd1 h4 64. Nf3 h3 65. Ke2 Ka3 66. Kf1 Kb2 67. Ne1 Bd2 68. Nf3 Kxc2 69. Ke2 Kxb3 0-1

[Event "LTU-ch"]
[Site "Vilnius"]
[Date "2019.03.15"]
[Round "1"]
[White "Juksta, Karolis"]
[Black "Petraitis, Gintautas"]
[Result "1-0"]
[WhiteElo "2281"]
[BlackElo "1750"]
[PlyCount "71"]
[EventDate "2019.03.15"]
[EventType "swiss"]
[EventRounds "9"]
[EventCountry "LTU"]
[SourceTitle "CBM 189 Extra"]
[Source "ChessBase"]
[SourceDate "2019.06.03"]
[SourceVersion "1"]
[SourceVersionDate "2019.06.03"]
[SourceQuality "1"]

1. d4 Nf6 2. c4 e5 3. dxe5 Ng4 4. Bf4 Nc6 5. Nf3 Bb4+ 6. Nc3 Qe7 7. Qd5 Bxc3+ 8. bxc3 f6 9. exf6 Nxf6 10. Qd3 d6 11. g3 0-0 12. Bg2 Ne5 13. Nxe5 dxe5 14. Bg5 e4 15. Qd4 Bf5 16. 0-0 Rfd8 17. Qe3 b6 18. Rfd1 Qe6 19. Bxf6 gxf6 20. Rd4 c5 21. Rxe4 Bxe4 22. Bxe4 Kg7 23. Bxa8 Qxe3 24. fxe3 Rxa8 25. Rd1 Re8 26. Rd7+ Kg6 27. Kf2 Re4 28. Rxa7 Rxc4 29. Rb7 Rxc3 30. Rxb6 c4 31. e4 Ra3 32. Rc6 Ra4 33. e5 Rxa2 34. exf6 Rc2 35. g4 c3 36. h4 1-0

[Event "Vilnius Zavanelli Memorial op-B"]
[Site "Vilnius"]
[Date "2018.10.27"]
[Round "4"]
[White "Petraitis, Gintautas"]
[Black "Ruginis, Antanas"]
[Result "1-0"]
[WhiteElo "1763"]
[BlackElo "1399"]
[PlyCount "39"]
[EventDate "2018.10.25"]
[EventType "swiss"]
[EventRounds "7"]
[EventCountry "LTU"]
[SourceTitle "CBM 187 Extra"]
[Source "ChessBase"]
[SourceDate "2018.11.04"]
[SourceVersion "1"]
[SourceVersionDate "2018.11.04"]
[SourceQuality "1"]

1. e4 e5 2. Nf3 Nc6 3. Bc4 h6 4. Nc3 Nf6 5. d4 exd4 6. Nxd4 Nxd4 7. Qxd4 d6 8. Bf4 Be7 9. 0-0-0 0-0 10. f3 Nd7 11. Qf2 a6 12. h4 b5 13. Bb3 Rb8 14. Nd5 a5 15. c3 Nc5 16. Bc2 Be6 17. g4 a4 18. g5 h5 19. Rhe1 Qc8 20. Nxe7+ 1-0

[Event "Vilnius Zavanelli Memorial op-B"]
[Site "Vilnius"]
[Date "2018.10.27"]
[Round "5"]
[White "Petraitis, Gintautas"]
[Black "Sibajeva, Marija"]
[Result "0-1"]
[WhiteElo "1763"]
[BlackElo "1980"]
[PlyCount "112"]
[EventDate "2018.10.25"]
[EventType "swiss"]
[EventRounds "7"]
[EventCountry "LTU"]
[SourceTitle "EXT 2021"]
[Source "ChessBase"]
[SourceDate "2020.10.23"]
[SourceVersion "1"]
[SourceVersionDate "2020.10.23"]
[SourceQuality "1"]

1. e4 d5 2. exd5 Qxd5 3. Nc3 Qa5 4. d4 Nf6 5. Bd2 c6 6. Nf3 Bf5 7. Bc4 e6 8. 0-0 Bb4 9. a3 Bxc3 10. Bxc3 Qc7 11. Bd3 Bg4 12. Be2 Bxf3 13. Bxf3 Nbd7 14. Re1 0-0-0 15. Qe2 Nb6 16. b3 Nbd5 17. Bb2 Ne7 18. Rad1 Nf5 19. Qe5 Rd6 20. Rd3 Nh4 21. Be2 Ng6 22. Qe3 Nd5 23. Qc1 Ndf4 24. Rdd1 Rd7 25. Bf1 Nh4 26. Re3 Nf5 27. Rf3 Ng6 28. g3 h5 29. c4 Rhd8 30. Rfd3 Kb8 31. Bg2 h4 32. Be4 Nfe7 33. Bxg6 Nxg6 34. Qe3 hxg3 35. hxg3 Ne7 36. d5 Nf5 37. Be5 Nxe3 38. Bxc7+ Kxc7 39. Rxe3 cxd5 40. cxd5 Rxd5 41. Rc3+ Kb6 42. Rxd5 Rxd5 43. Kg2 Ra5 44. b4 Rd5 45. Kf3 a5 46. bxa5+ Kxa5 47. Ke4 Rd7 48. f4 Ka4 49. g4 b5 50. f5 exf5+ 51. gxf5 g6 52. f6 Rd6 53. Rf3 Rd1 54. Ke5 Re1+ 55. Kd5 Re6 56. Kc5 Re5+ 0-1

[Event "Kaunas Amateur-ch"]
[Site "Kaunas"]
[Date "2018.08.18"]
[Round "1"]
[White "Ratkeviciute, Laurinta"]
[Black "Petraitis, Gintautas"]
[Result "0-1"]
[WhiteElo "1045"]
[BlackElo "1792"]
[PlyCount "58"]
[EventDate "2018.08.18"]
[EventType "swiss"]
[EventRounds "8"]
[EventCountry "LTU"]
[SourceTitle "CBM 186 Extra"]
[Source "ChessBase"]
[SourceDate "2018.08.24"]
[SourceVersion "1"]
[SourceVersionDate "2018.08.24"]
[SourceQuality "1"]

1. e4 c5 2. Nf3 e6 3. d4 cxd4 4. Nxd4 Nf6 5. Nc3 Nc6 6. Bc4 Bb4 7. a3 Bxc3+ 8. bxc3 Qa5 9. Bb2 Nxe4 10. Qf3 Nf6 11. Nxc6 bxc6 12. 0-0 0-0 13. h3 d5 14. Bb3 Rb8 15. Rab1 c5 16. c4 d4 17. c3 e5 18. cxd4 exd4 19. Bc1 Bb7 20. Qg3 Ne4 21. Qg4 f5 22. Qh5 Nd2 23. Bxd2 Qxd2 24. Qd1 Qxd1 25. Rfxd1 Be4 26. Rb2 Rb6 27. f3 Bc6 28. Rdb1 Rfb8 29. Kf2 Ba4 0-1

[Event "Panevezys op-A"]
[Site "Panevezys"]
[Date "2018.07.05"]
[Round "8"]
[White "Petraitis, Gintautas"]
[Black "Vasiliauskas, Antanas"]
[Result "1/2-1/2"]
[WhiteElo "1838"]
[BlackElo "1483"]
[PlyCount "85"]
[EventDate "2018.06.29"]
[EventType "swiss"]
[EventRounds "9"]
[EventCountry "LTU"]
[SourceTitle "CBM 185 Extra"]
[Source "ChessBase"]
[SourceDate "2018.07.29"]
[SourceVersion "1"]
[SourceVersionDate "2018.07.29"]
[SourceQuality "1"]

1. f4 d5 2. Nf3 Nf6 3. e3 c5 4. b3 Nc6 5. Bb2 Bf5 6. Be2 e6 7. 0-0 Be7 8. d3 h6 9. Nbd2 0-0 10. Ne5 Nd7 11. Ndf3 Ndxe5 12. Nxe5 Nxe5 13. fxe5 Qd7 14. Bf3 Bg6 15. Qe2 a5 16. a4 b5 17. axb5 Qxb5 18. Bc3 Ra7 19. Ra4 Rc8 20. Rfa1 Bd8 21. Qd2 c4 22. dxc4 dxc4 23. Rxc4 Rd7 24. Rd4 Rxd4 25. exd4 Qd7 26. Be2 Bg5 27. Qe1 Be3+ 28. Kf1 Bxc2 29. Bc4 Bg5 30. Bb2 Bd8 31. Qd2 Be4 32. Qe3 Bd5 33. Qe2 Bb6 34. Rc1 a4 35. b4 Qa7 36. Qd3 Bxc4 37. Rxc4 Rxc4 38. Qxc4 a3 39. Ba1 a2 40. Ke1 Qa8 41. Kf1 Qa4 42. Ke2 Qa8 43. Kf1 1/2-1/2

[Event "Panevezys op-A"]
[Site "Panevezys"]
[Date "2018.06.30"]
[Round "2"]
[White "Olmann, Kullar"]
[Black "Petraitis, Gintautas"]
[Result "0-1"]
[WhiteElo "1195"]
[BlackElo "1838"]
[PlyCount "84"]
[EventDate "2018.06.29"]
[EventType "swiss"]
[EventRounds "9"]
[EventCountry "LTU"]
[SourceTitle "CBM 185 Extra"]
[Source "ChessBase"]
[SourceDate "2018.07.29"]
[SourceVersion "1"]
[SourceVersionDate "2018.07.29"]
[SourceQuality "1"]

1. e4 e5 2. Nf3 Nc6 3. Bb5 a6 4. Bxc6 dxc6 5. d3 Bd6 6. 0-0 Bg4 7. h3 Bh5 8. Re1 Ne7 9. Nbd2 0-0 10. Nf1 f6 11. c3 c5 12. Ng3 Bf7 13. Be3 Qd7 14. d4 cxd4 15. cxd4 exd4 16. Bxd4 Bxg3 17. fxg3 Nc6 18. Bc5 Rfd8 19. Qe2 Qe6 20. b3 Rd7 21. Rad1 Rad8 22. Rxd7 Rxd7 23. e5 Rd5 24. Qc4 Nxe5 25. Nxe5 Rxe5 26. Qxe6 Bxe6 27. Rxe5 fxe5 28. Kf2 Kf7 29. Bb4 Bd5 30. g4 b6 31. Bc3 Ke6 32. g3 Be4 33. Ke3 Kd5 34. Kd2 Bg2 35. h4 Ke4 36. Ke2 Bf3+ 37. Kf2 Bxg4 38. Bb4 Kd3 39. Be7 c5 40. Bg5 b5 41. Be7 c4 42. Ba3 c3 0-1

[Event "Panevezys op-A"]
[Site "Panevezys"]
[Date "2018.06.30"]
[Round "3"]
[White "Petraitis, Gintautas"]
[Black "Golsta, Ramona"]
[Result "0-1"]
[WhiteElo "1838"]
[BlackElo "1672"]
[PlyCount "82"]
[EventDate "2018.06.29"]
[EventType "swiss"]
[EventRounds "9"]
[EventCountry "LTU"]
[SourceTitle "CBM 185 Extra"]
[Source "ChessBase"]
[SourceDate "2018.07.29"]
[SourceVersion "1"]
[SourceVersionDate "2018.07.29"]
[SourceQuality "1"]

1. e4 c5 2. Nf3 Nc6 3. d4 cxd4 4. Nxd4 e5 5. Nb5 a6 6. Nd6+ Bxd6 7. Qxd6 Qe7 8. Qxe7+ Ngxe7 9. Nc3 d5 10. Nxd5 Nxd5 11. exd5 Nb4 12. Bd3 Nxd3+ 13. cxd3 Bf5 14. f4 exf4 15. Bxf4 Bxd3 16. Kf2 Rc8 17. Rac1 Kd7 18. Rc3 Rxc3 19. bxc3 Bc4 20. Rd1 Bxa2 21. Rd2 Bc4 22. Ke3 Rc8 23. Rd4 a5 24. d6 Be6 25. Kd2 b5 26. Kc2 b4 27. Bd2 Rc6 28. Kb2 b3 29. Bf4 Rc4 30. Rxc4 Bxc4 31. h4 Be6 32. g4 a4 33. g5 f6 34. gxf6 gxf6 35. h5 Kc6 36. h6 Kd5 37. Bg3 Kc4 38. Bf4 a3+ 39. Kxa3 Kxc3 40. Bc1 Kc2 41. Bb2 f5 0-1

[Event "LTU-ch"]
[Site "Kaunas"]
[Date "2018.03.03"]
[Round "2"]
[White "Petraitis, Gintautas"]
[Black "Steponavicius, Stasys"]
[Result "0-1"]
[WhiteElo "1876"]
[BlackElo "2181"]
[PlyCount "82"]
[EventDate "2018.03.02"]
[EventType "swiss"]
[EventRounds "9"]
[EventCountry "LTU"]
[SourceTitle "CBM 183 Extra"]
[Source "ChessBase"]
[SourceDate "2018.04.19"]
[SourceVersion "1"]
[SourceVersionDate "2018.04.19"]
[SourceQuality "1"]

1. e4 c5 2. Nf3 Nc6 3. d4 cxd4 4. Nxd4 Nf6 5. Nc3 e5 6. Ndb5 d6 7. Bg5 a6 8. Na3 Be6 9. Nc4 Rc8 10. Ne3 Be7 11. Bxf6 Bxf6 12. Ncd5 Bg5 13. c3 0-0 14. h4 Bxe3 15. Nxe3 Ne7 16. Qc2 d5 17. exd5 Nxd5 18. Nxd5 Qxd5 19. Bd3 f5 20. 0-0 e4 21. Be2 f4 22. Rfd1 Qc6 23. Bf1 e3 24. Bd3 exf2+ 25. Qxf2 Bd5 26. Bc2 Kh8 27. Rd4 f3 28. g3 Rce8 29. Bd3 Re5 30. c4 Bg8 31. b3 Qe6 32. Rd1 Qe7 33. Rd2 Be6 34. Re4 Rxe4 35. Bxe4 Bxc4 36. Bxb7 Be2 37. Bd5 Rd8 38. Qd4 Qd7 39. Qe3 h6 40. Kf2 Qh3 41. Bxf3 Qf1# 0-1

[Event "LTU-chT"]
[Site "Lithuania"]
[Date "2018.01.27"]
[Round "1.5"]
[White "Vizinis, Jonas"]
[Black "Petraitis, Gintautas"]
[Result "0-1"]
[WhiteElo "1259"]
[BlackElo "1876"]
[PlyCount "64"]
[EventDate "2018.01.27"]
[EventType "team-swiss"]
[EventRounds "7"]
[EventCountry "LTU"]
[SourceTitle "EXT 2019"]
[Source "ChessBase"]
[SourceDate "2018.10.10"]
[SourceVersion "1"]
[SourceVersionDate "2018.10.10"]
[SourceQuality "1"]
[WhiteTeam "Kaunas Mirazas"]
[BlackTeam "Kaunas Gambiteriai"]
[WhiteTeamCountry "LTU"]
[BlackTeamCountry "LTU"]

1. e4 c5 2. Nf3 e6 3. d4 cxd4 4. Nxd4 Nf6 5. Nc3 Nc6 6. Be3 Bb4 7. Bd3 d5 8. Bb5 Bd7 9. exd5 Nxd5 10. Qd2 Qa5 11. Nb3 Qc7 12. a3 Bxc3 13. bxc3 Nxe3 14. Qxe3 Qe5 15. Qxe5 Nxe5 16. Bxd7+ Nxd7 17. 0-0-0 Ke7 18. f4 Rac8 19. Kb2 Nc5 20. Nxc5 Rxc5 21. Rhe1 Rhc8 22. Re3 R8c7 23. g4 h5 24. h3 Rb5+ 25. Ka2 g6 26. Rd4 Kf6 27. g5+ Kf5 28. a4 Rbc5 29. Kb3 a5 30. c4 b6 31. c3 e5 32. h4 exf4 0-1

[Event "Panevezys op-B"]
[Site "Panevezys"]
[Date "2017.07.07"]
[Round "6"]
[White "Petraitis, Gintautas"]
[Black "Ravlusevic, Evelina"]
[Result "1-0"]
[WhiteElo "1925"]
[BlackElo "1726"]
[PlyCount "103"]
[EventDate "2017.07.03"]
[EventType "swiss"]
[EventRounds "9"]
[EventCountry "LTU"]
[SourceTitle "EXT 2018"]
[Source "ChessBase"]
[SourceDate "2017.10.13"]
[SourceVersion "1"]
[SourceVersionDate "2017.10.13"]
[SourceQuality "1"]

1. e4 c5 2. Nf3 e6 3. d4 cxd4 4. Nxd4 Bc5 5. Nb3 Be7 6. Nc3 Nc6 7. Be2 Nf6 8. 0-0 0-0 9. Be3 b6 10. a3 Bb7 11. f4 d5 12. exd5 Nxd5 13. Nxd5 exd5 14. Nd4 Bf6 15. Bf3 Rc8 16. c3 Nxd4 17. Bxd4 Bxd4+ 18. Qxd4 Rc4 19. Qd2 Qf6 20. Rad1 Qxf4 21. Qxf4 Rxf4 22. Bxd5 Rxf1+ 23. Kxf1 Ba6+ 24. Kf2 g6 25. Bf3 Bb5 26. Rd6 Re8 27. b3 Re6 28. Rxe6 fxe6 29. Ke3 Kf7 30. Kd4 Kf6 31. c4 Bd7 32. b4 e5+ 33. Ke3 h6 34. h4 h5 35. c5 bxc5 36. bxc5 Bf5 37. Bd5 Ke7 38. g3 Kd7 39. Kd2 a5 40. Kc3 a4 41. Bf3 Bg4 42. Bxg4+ hxg4 43. Kd3 Kc6 44. Ke4 Kxc5 45. Kxe5 Kc4 46. Kf6 Kb3 47. Kxg6 Kxa3 48. h5 Kb2 49. h6 a3 50. h7 a2 51. h8Q+ Kb1 52. Kf5 1-0